01117cam a22002894a 45000010005000000030006000050050017000110080041000280100017000690200015000860400023001010500020001240820012001441000026001562450075001822500055002572600039003123000065003515000027004165040048004435200143004916000048006346000026006826500086007086500017007946500016008116337FISKH20250422152927.0000912s2001 nyuab j b 000 0deng  a 00047080  a043921310X aDLCcDLCdDLCbeng aQL737.P96 G5848 a599.8851 aGoodall, Jane,d1934-14aThe chimpanzees I love :bsaving their world and ours /cJane Goodall. aFirst Scholastic paperback printing, October 2002  aNew York :bScholastic Inc,c2001. a80 pages : bcolor maps ; color illustrations ; c23 x 26 cm a"A Byron Preiss book." aIncludes bibliographical references (p. 79) aIn a compelling, personal narrative, Dr. Goodall recounts the exciting adventure of her work with chimpanzees, now an endangered species. 10aGoodall, Jane,d1934-vJuvenile literature.11aGoodall, Jane,d1934- 0aChimpanzeesxBehaviorzTanzaniazGombe Stream National ParkvJuvenile literature. 1aChimpanzees. 1aZoologists.